|
|
|
|
| LEADER |
00863naa a2200181 i 4500 |
| 001 |
acta41789 |
| 005 |
20260224081030.0 |
| 008 |
170705s1972 hu o 100 hun d |
| 040 |
|
|
|a SZTE Egyetemi Kiadványok Repozitórium
|b hun
|
| 041 |
|
|
|a hun
|
| 100 |
1 |
|
|a Tóth József
|
| 245 |
1 |
4 |
|a The territorial differences of the changes in the peripheral population of the Southern part of the Great Hungarian Plain
|h [elektronikus dokumentum] :
|b 1960-1970 /
|c Tóth József
|
| 260 |
|
|
|c 1972
|
| 300 |
|
|
|a 398-417
|
| 490 |
0 |
|
|a International Geographical Union : European Regional Conference
|
| 695 |
|
|
|a Népesedésföldrajz - Dél-Alföld - 1960-1970, Urbanizáció - Dél-Alföld
|
| 710 |
|
|
|a Symposium of agricultural typology and agricultural settlements (1971) (Szeged/Pécs)
|
| 856 |
4 |
0 |
|u http://acta.bibl.u-szeged.hu/41789/1/igeu_1972_papers_375-394.pdf
|z Dokumentum-elérés
|